The pets you love / (Record no. 534)

MARC details
000 -LEADER
fixed length control field 01032pam a2200301 a 4500
005 - DATE AND TIME OF LATEST TRANSACTION
control field 20260322212024.0
008 - FIXED-LENGTH DATA ELEMENTS--GENERAL INFORMATION
fixed length control field data
010 ## - LIBRARY OF CONGRESS CONTROL NUMBER
LC control number 91019106
020 ## - INTERNATIONAL STANDARD BOOK NUMBER
International Standard Book Number 0870448455 (regular ed.)
020 ## - INTERNATIONAL STANDARD BOOK NUMBER
International Standard Book Number 0870448501 (lib. bdg.)
020 ## - INTERNATIONAL STANDARD BOOK NUMBER
International Standard Book Number 9780870448454 (regular ed.)
020 ## - INTERNATIONAL STANDARD BOOK NUMBER
International Standard Book Number 9780870448508 (lib. bdg.)
040 ## - CATALOGING SOURCE
Original cataloging agency DLC
Transcribing agency DLC
Modifying agency DLC
042 ## - AUTHENTICATION CODE
Authentication code lcac
050 00 - LIBRARY OF CONGRESS CALL NUMBER
Classification number SF416.2
Item number .U77 1991
082 00 - DEWEY DECIMAL CLASSIFICATION NUMBER
Classification number 636.088/7
Edition information 20
099 ## - LOCAL FREE-TEXT CALL NUMBER (OCLC)
Classification number 636.08 U77 1991
001 - CONTROL NUMBER
control field data
100 1# - MAIN ENTRY--PERSONAL NAME
Personal name Urquhart, Jennifer C.
245 14 - TITLE STATEMENT
Title The pets you love /
Statement of responsibility, etc. Jennifer C. Urquhart.
260 ## - PUBLICATION, DISTRIBUTION, ETC.
Place of publication, distribution, etc. Washington, D.C. :
Name of publisher, distributor, etc. National Geographic Society,
Date of publication, distribution, etc. c1991.
300 ## - PHYSICAL DESCRIPTION
Extent 34 p. :
Other physical details col. ill. ;
Dimensions 26 cm.
440 #0 - SERIES STATEMENT/ADDED ENTRY--TITLE
Title Books for young explorers
504 ## - BIBLIOGRAPHY, ETC. NOTE
Bibliography, etc. note Includes bibliographical references (p. 33).
520 ## - SUMMARY, ETC.
Summary, etc. Through pictures of and text about birds, dogs, rabbits, goldfish, and other animals with their owners, the reader can see the responsibilities and pleasures of having a pet.
650 #0 - SUBJECT ADDED ENTRY--TOPICAL TERM
Topical term or geographic name entry element Pets
General subdivision Juvenile literature.
650 #1 - SUBJECT ADDED ENTRY--TOPICAL TERM
Topical term or geographic name entry element Pets.
Holdings
Withdrawn status Lost status Damaged status Not for loan Home library Current library Shelving location Date acquired Total checkouts Full call number Barcode Date last seen Price effective from Koha item type
        Centerville Centerville General stacks 22/03/2026   636.088/7 20 BC0010547 22/03/2026 22/03/2026 Books